000 00589nam a2200205Ia 4500
005 20230114144505.0
008 131103s9999 xx 000 0 und d
040 _aLoreto College
041 _aEnglish
082 _a954
_bEDW
100 _aEdwardes,Michael
245 2 _aA history of India
_b from the earliest times to the present day
_cMichael Edwardes
260 _aBombay
_bAsia Publishing House
_c1961
300 _a444 p.
_b maps,ill.
504 _aIncludes index and bibliography
650 _aHistory of India
651 _aIndia - History
850 _aLCLIB
942 _cBK
999 _c9010
_d59489